00556nam a22002057a 450000500170000001000150001702000260003203500140005803500130007203700180008503700090010308200160011210000160012824500440014425000060018826000440019427000660023830000210030465000250032520250530142409.0 aENG-145116 a9789387907409c315.00 aEN-128648 aB-284564 bD.B.Act / Pub bDBAD a343.540721 aKapoor, N.D aElements of Industrial Law/cN.D Kapoor a1 aNew DelhibSultan Chand and Sonsc2023 a23, Darya Ganj,bNew DelhicDelhie110002k23266105l23266357 a341p.c25cm(Pbk) aFinancial management